000 00631nam a2200229Ia 4500
005 20260320201803.0
008 008 262003s9999 xx 000 0 eng d
037 _aEBOOK
040 _aCRL
040 _beng
040 _cCRL
041 _2eng
041 _aeng
084 _qCRL
100 _aMasood
_9206676
245 0 _aAutomated Machine Learning: Hyperparameter optimization, neural architecture search, and algorithm selection with cloud platforms
260 _bIEEE
856 _uhttps://ieeexplore.ieee.org/servlet/opac?bknumber=10162130
942 _cEBOOK
999 _c1723532
_d1723532